000
00214nam a22000857a 4500
008
170306b xxu||||| |||| 00| 0 eng d
100
_9
3033
_a
Joshi.R.etal.
245
_a
Grammar English-IX
260
_a
New Delhi
_b
GBP
_c
2010
999
_c
6288
_d
6288